000 00955nam a2200277 i 4500
001 181084
003 ES-MaACL
005 20240411094019.0
008 121016s2011 sp a | |||||||| | spa d
020 _a978-84-615-2499-0
080 _a821.134.2-92"19"
080 _a929 Diego, Gerardo (047.53)
100 1 _aDiego, Gerardo,
_d1896-1987
_944545
245 1 0 _aGerardo Diego en ABC :
_bartículos y entrevistas (1946-1986) /
_cedición de Rafael Inglada.
250 _a1ª ed.
260 _a[Santander] :
_bFundación Gerardo Diego ;
_a[Madrid] :
_bABC,
_c2011.
300 _a858 p. :
_bil. ;
_c24 cm.
490 1 _aBodega y azotea ;
_v3
500 _aÍndices.
600 1 4 _aDiego, Gerardo,
_d1896-1987
_944545
700 0 _aInglada, Rafael,
_d1963-
_965293
830 0 _aBodega y azotea ;
_v3
_9224688
852 _aES-MaACL
_jA-12293
_9187967
_bR.148281
_cDEPO1
_dOlim: N-5298
942 _2udc
_cMONOGRAFIA
999 _c181084
_d181084